Undiscovered country = Das weite Land /

Bibliographic Details
Main Author: Schnitzler, Arthur, 1862-1931
Other Authors: Stoppard, Tom
Format: Book
Language:English
German
Published: London ; Boston : Faber and Faber, 1980.
Series:Faber paperbacks

MARC

Tag First Indicator Second Indicator Subfields
LEADER 00000cam a2200000 a 4500
001 in00000074760
005 20151008054754.0
008 811022s1980 enk 00010 eng
010 |a  81126781  
015 |a GB*** 
020 |a 0571115756 (pbk.) :  |c $8.50 (U.S.) 
035 |a (OCoLC)07948540 
035 |9 AAJ1633AM 
039 0 |a 2  |b 3  |c 3  |d 3  |e 3 
040 |a DLC  |c DLC  |d TXA  |d UtOrBLW 
041 1 |a eng  |a ger 
049 |a TXAM  |c [932914] 
050 0 0 |a PT2638.N5  |b W613 1980 
082 0 |a 833/.8  |2 19 
100 1 |a Schnitzler, Arthur,  |d 1862-1931. 
240 1 0 |a Weite Land.  |l English 
245 1 0 |a Undiscovered country =  |b Das weite Land /  |c by Arthur Schnitzler ; in an English version by Tom Stoppard. 
246 3 1 |a Das weite Land  
264 1 |a London ;  |a Boston :  |b Faber and Faber,  |c 1980. 
300 |a 94 pages ;  |c 20 cm. 
336 |a text  |b txt  |2 rdacontent 
337 |a unmediated  |b n  |2 rdamedia 
338 |a volume  |b nc  |2 rdacarrier 
490 0 |a Faber paperbacks 
700 1 |a Stoppard, Tom. 
740 4 |a Das Weite Land. 
999 |a MARS 
999 f f |s c8f6ee97-595b-303a-9945-b19a914ea1d8  |i e44f5ed8-4b93-3347-a41b-a81c8ef6a5e5  |t 0 
952 f f |p ric  |a Texas A&M University  |b Rellis Campus  |c Joint Library Facility  |d Remote Storage  |t 0  |e PT2638.N5 W613 1980  |h Library of Congress classification  |i unmediated -- volume  |m A14806194993 
998 f f |a PT2638.N5 W613 1980  |t 0  |l Remote Storage